00522nam a2200169Ia 450000500170000000800410001702000150005808200130007310000180008624500290010426000590013330000120019250000320020494200060023695200950024299900150033720241003012623.0240331s9999 xx 000 0 und d a9555800367 bSIRa811 aSiriwardena,R 4aThe pure water of poetry aColombobInternational Centre For Ethnic Studiesc1999 a42 p ., a English And Russian poets. cL 001040708LaWERCLbWERCLcSSCd2024-03-31l0o 811 SIRp4317r2024-03-31w2024-03-31yL c3158d3158